Loading...

ഒരു ലുക്കില്ലാന്നേ ഉള്ളൂ ഭയങ്കര ബുദ്ധിയാ... : സലിംകുമാര്‍ ഫലിതങ്ങള്‍ /

Bibliographic Details
Main Author: മധു, കെ. വി
Other Authors: Madhu, K. V.
Format: Printed Book
Language:English
Published: കോഴിക്കോട് : മാതൃഭൂമി ബുക്സ്, 2017.
Edition:1st ed.
Subjects:
LEADER 00931nam a22001937a 4500
008 190510b xxu||||| |||| 00| 0 eng d
999 |c 26486  |d 26486 
020 |a 9788182672772 
082 |a 792.7028  |b SAL/MAD 
100 |a മധു, കെ. വി. 
240 |a Oru lookkillanne ulli bhayankara buddhiya... 
245 |a ഒരു ലുക്കില്ലാന്നേ ഉള്ളൂ ഭയങ്കര ബുദ്ധിയാ... :  |b സലിംകുമാര്‍ ഫലിതങ്ങള്‍ /  |c കെ. വി. മധു 
250 |a 1st ed. 
260 |a കോഴിക്കോട് :  |b മാതൃഭൂമി ബുക്സ്,  |c 2017. 
300 |a 104p. 
600 |a സലിംകുമാര്‍ 
700 |a Madhu, K. V. 
942 |2 ddc  |c BK 
952 |0 0  |1 0  |2 ddc  |4 0  |6 792_702800000000000_SAL_MAD  |7 0  |9 36302  |a MAIN  |b MAIN  |d 2019-05-10  |e Mathrubhumi Books  |g 100.00  |o 792.7028 SAL/MAD  |p 34579  |r 2019-05-10  |t 1  |w 2019-05-10  |y BK